The Regions of Italy- No Outlines Quiz Stats

 Plays Quiz not verified by Sporcle

Also try: 'C' States Blitz
Challenge
Share
Tweet
Score 0/20 Timer 04:00
0 Plays Today
% Correct
Sicilia
92.4%
Sardegna
92%
Toscana
85.7%
Trentino-Alto Adige
84.4%
Lazio
84.1%
Piemonte
82.8%
Veneto
82.6%
Puglia
81.6%
Calabria
81.6%
Liguria
81.3%
% Correct
Friuli-Venezia Giulia
81%
Lombardia
79.8%
Valle d'Aosta
79.2%
Emilia-Romagna
78%
Basilicata
74.4%
Campania
74.3%
Marche
72.3%
Umbria
66.6%
Molise
65.3%
Abruzzo
62.6%

You're not logged in!

Compare scores with friends on all Sporcle quizzes.
OR
Log In

You Might Also Like...

Show Comments

Extras

Top Quizzes Today


Score Distribution

Your Account Isn't Verified!

In order to create a playlist on Sporcle, you need to verify the email address you used during registration. Go to your Sporcle Settings to finish the process.

Report this User

Report this user for behavior that violates our Community Guidelines.

Details: